| 000 | 00876nam a22002657a 4500 | ||
|---|---|---|---|
| 001 | 9112 | ||
| 003 | FISKH | ||
| 005 | 20251121121525.0 | ||
| 008 | 251121b cb ||||| |||| 00| 0 eng d | ||
| 020 | _a9780590411219 | ||
| 040 |
_aFISKH _beng _cFISKH _dFISKH |
||
| 050 | _aPZ8.A665 | ||
| 082 | _a 398.2452973580948 | ||
| 100 | _aAppleby, Ellen | ||
| 245 |
_aThe three billy-goats gruff : _bA norwegian folktale / _cIllustrated by Ellen Appledby |
||
| 260 |
_aNew York : _bScholastic, _c1984. |
||
| 300 |
_a30 unnumbered pages : _bcolor illustrations ; _c21 cm |
||
| 505 | _aG | ||
| 520 | _aThree clever billy goats outwit a big, ugly troll that lives under the bridge they must cross on their way up the mountain. | ||
| 521 | 8 |
_a340
_bLexile |
|
| 521 | 8 |
_aG
_bRaz-Plus |
|
| 650 |
_aPicture book _vFolktale _xAnimals |
||
| 942 |
_2ddc _cBK _n0 |
||
| 999 |
_c9112 _d9112 |
||